[Event "Russian Championship (women rapid)"]
[Site "Sochi"]
[Date "2017.09.30"]
[Round "1.15"]
[White "Tomilova, Elena"]
[Black "Gosteeva, Anna"]
[Result "1-0"]
[LiveChessVersion "1.4.8"]
[BlackElo "1849"]
[WhiteElo "2260"]

1. c4 {[%clk 0:15:18]} c6 {[%clk 0:15:19]} 2. Nf3 {[%clk 0:15:25]} Nf6
{[%clk 0:15:27]} 3. Nc3 {[%clk 0:15:27]} d5 {[%clk 0:15:33]} 4. e3
{[%clk 0:15:35]} e6 {[%clk 0:15:36]} 5. Qc2 {[%clk 0:15:38]} Be7 {[%clk 0:15:15]}
6. b3 {[%clk 0:15:43]} Nbd7 {[%clk 0:15:21]} 7. Bb2 {[%clk 0:15:52]} b6
{[%clk 0:14:24]} 8. Be2 {[%clk 0:15:20]} Bb7 {[%clk 0:14:18]} 9. Rg1
{[%clk 0:14:42]} c5 {[%clk 0:12:13]} 10. g4 {[%clk 0:14:16]} Qc7 {[%clk 0:08:52]}
11. g5 {[%clk 0:13:00]} Ne4 {[%clk 0:06:03]} 12. cxd5 {[%clk 0:12:57]} exd5
{[%clk 0:05:52]} 13. Nb5 {[%clk 0:11:48]} Qd8 {[%clk 0:05:46]} 14. d3
{[%clk 0:10:14]} Nd6 {[%clk 0:03:21]} 15. Nxd6+ {[%clk 0:10:20]} Bxd6
{[%clk 0:03:30]} 16. Bxg7 {[%clk 0:10:26]} Rg8 {[%clk 0:03:38]} 17. Bb2
{[%clk 0:10:28]} Qc7 {[%clk 0:02:50]} 18. h4 {[%clk 0:10:25]} Ne5
{[%clk 0:02:30]} 19. Nxe5 {[%clk 0:08:13]} Bxe5 {[%clk 0:02:38]} 20. d4
{[%clk 0:08:20]} cxd4 {[%clk 0:02:45]} 21. Qxh7 {[%clk 0:05:18]} Rh8
{[%clk 0:02:45]} 22. Qf5 {[%clk 0:05:05]} Rxh4 {[%clk 0:01:45]} 23. g6
{[%clk 0:04:43]} fxg6 {[%clk 0:00:51]} 24. Qxg6+ {[%clk 0:03:43]} Kd8
{[%clk 0:00:23]} 25. Qg8+ {[%clk 0:03:44]} Kd7 {[%clk 0:00:26]} 26. Qf7+
{[%clk 0:03:44]} Kd6 {[%clk 0:00:12]} 27. Ba3+ {[%clk 0:03:32]} Rhh8 1-0

[Event "Russian Championship (women rapid)"]
[Site "Sochi"]
[Date "2017.09.30"]
[Round "2.1"]
[White "Goryachkina, Aleksandra"]
[Black "Nebolsina, Vera"]
[Result "1/2-1/2"]
[LiveChessVersion "1.4.8"]
[BlackElo "2236"]
[WhiteElo "2462"]

1. e4 {[%clk 0:15:18]} c5 {[%clk 0:15:18]} 2. Nf3 {[%clk 0:15:26]} d6
{[%clk 0:15:27]} 3. Bb5+ {[%clk 0:15:34]} Nd7 {[%clk 0:14:19]} 4. a4
{[%clk 0:15:36]} Ngf6 {[%clk 0:14:07]} 5. Nc3 {[%clk 0:15:43]} g6
{[%clk 0:13:40]} 6. O-O {[%clk 0:15:43]} Bg7 {[%clk 0:13:45]} 7. a5
{[%clk 0:15:20]} a6 {[%clk 0:13:02]} 8. Be2 {[%clk 0:15:18]} e5 {[%clk 0:10:24]}
9. Bc4 {[%clk 0:14:51]} O-O {[%clk 0:10:20]} 10. d3 {[%clk 0:14:52]} Nb8
{[%clk 0:09:59]} 11. Bd2 {[%clk 0:14:20]} Nc6 {[%clk 0:10:02]} 12. Nd5
{[%clk 0:14:06]} Nxd5 {[%clk 0:08:59]} 13. Bxd5 {[%clk 0:14:12]} Be6
{[%clk 0:08:07]} 14. Bg5 {[%clk 0:12:31]} Qd7 {[%clk 0:07:05]} 15. c3
{[%clk 0:11:40]} h6 {[%clk 0:06:00]} 16. Bd2 {[%clk 0:10:13]} Kh7
{[%clk 0:05:39]} 17. Qa4 {[%clk 0:09:31]} Bg4 {[%clk 0:05:35]} 18. Qd1
{[%clk 0:08:07]} f5 {[%clk 0:05:06]} 19. h3 {[%clk 0:07:14]} Bh5 {[%clk 0:04:01]}
20. exf5 {[%clk 0:06:51]} gxf5 {[%clk 0:03:51]} 21. Nxe5 {[%clk 0:02:18]} dxe5
{[%clk 0:03:19]} 22. Bxc6 {[%clk 0:02:24]} Bxd1 {[%clk 0:02:49]} 23. Bxd7
{[%clk 0:02:32]} Be2 {[%clk 0:02:57]} 24. Rfe1 {[%clk 0:02:41]} Bxd3
{[%clk 0:03:05]} 25. Be6 {[%clk 0:02:46]} Rad8 {[%clk 0:02:58]} 26. Be3
{[%clk 0:02:13]} Rf6 {[%clk 0:02:23]} 27. Ba2 {[%clk 0:02:03]} Rc6
{[%clk 0:01:22]} 28. f3 {[%clk 0:02:10]} Bf6 {[%clk 0:01:23]} 29. Rad1
{[%clk 0:02:04]} c4 {[%clk 0:01:19]} 30. Bb6 {[%clk 0:01:50]} Rg8
{[%clk 0:01:17]} 31. b3 {[%clk 0:01:42]} e4 {[%clk 0:01:23]} 32. bxc4
{[%clk 0:00:49]} Bxc3 {[%clk 0:01:28]} 33. fxe4 {[%clk 0:00:27]} Bxe1
{[%clk 0:00:54]} 34. Rxd3 {[%clk 0:00:36]} fxe4 {[%clk 0:00:42]} 35. Re3
{[%clk 0:00:34]} Rcg6 {[%clk 0:00:33]} 36. g4 {[%clk 0:00:39]} Bb4
{[%clk 0:00:34]} 37. Rxe4 {[%clk 0:00:43]} Rxb6 {[%clk 0:00:27]} 38. axb6
{[%clk 0:00:49]} Bc5+ {[%clk 0:00:35]} 39. Kg2 {[%clk 0:00:44]} Rd8
{[%clk 0:00:43]} 40. Re2 {[%clk 0:00:46]} Rd7 {[%clk 0:00:42]} 41. Bb1+
{[%clk 0:00:53]} Kg7 {[%clk 0:00:51]} 42. Be4 {[%clk 0:00:34]} Re7
{[%clk 0:00:38]} 43. Kf3 {[%clk 0:00:38]} Kf6 {[%clk 0:00:21]} 44. Rd2
{[%clk 0:00:28]} Bxb6 {[%clk 0:00:13]} 45. Rd6+ {[%clk 0:00:15]} Re6
{[%clk 0:00:22]} 46. Rxe6+ {[%clk 0:00:24]} Kxe6 {[%clk 0:00:31]} 47. Bxb7
{[%clk 0:00:32]} a5 {[%clk 0:00:40]} 48. Ke4 {[%clk 0:00:31]} a4 {[%clk 0:00:35]}
49. Bd5+ {[%clk 0:00:36]} Kf6 {[%clk 0:00:42]} 50. h4 {[%clk 0:00:22]} a3
{[%clk 0:00:27]} 51. c5 {[%clk 0:00:28]} Bxc5 {[%clk 0:00:36]} 52. g5+
{[%clk 0:00:35]} 1/2-1/2

[Event "Russian Championship (women rapid)"]
[Site "Sochi"]
[Date "2017.10.01"]
[Round "6.16"]
[White "Komiagina, Maria"]
[Black "Belenkaya, Dina"]
[Result "1/2-1/2"]
[LiveChessVersion "1.4.8"]
[BlackElo "2208"]
[WhiteElo "2110"]

1. e4 {[%clk 0:15:17]} c6 {[%clk 0:15:19]} 2. d4 {[%clk 0:15:25]} d5
{[%clk 0:15:28]} 3. e5 {[%clk 0:15:32]} c5 {[%clk 0:15:36]} 4. dxc5
{[%clk 0:15:39]} Nc6 {[%clk 0:15:45]} 5. Bb5 {[%clk 0:15:41]} Qa5+
{[%clk 0:14:14]} 6. Nc3 {[%clk 0:15:48]} e6 {[%clk 0:14:23]} 7. Be3
{[%clk 0:14:55]} Nge7 {[%clk 0:13:54]} 8. a3 {[%clk 0:13:48]} Nf5
{[%clk 0:12:01]} 9. Bf4 {[%clk 0:09:50]} Qc7 {[%clk 0:10:35]} 10. b4
{[%clk 0:07:56]} g5 {[%clk 0:10:15]} 11. Bxg5 {[%clk 0:06:56]} Qxe5+
{[%clk 0:10:13]} 12. Nce2 {[%clk 0:05:47]} Bg7 {[%clk 0:09:27]} 13. Rb1
{[%clk 0:05:44]} O-O {[%clk 0:05:27]} 14. Nf3 {[%clk 0:05:37]} Qc7
{[%clk 0:05:35]} 15. O-O {[%clk 0:05:06]} a5 {[%clk 0:04:46]} 16. Qd2
{[%clk 0:04:47]} axb4 {[%clk 0:04:51]} 17. axb4 {[%clk 0:04:55]} Ra3
{[%clk 0:04:30]} 18. c3 {[%clk 0:03:58]} Bd7 {[%clk 0:03:02]} 19. Rfe1
{[%clk 0:03:46]} h6 {[%clk 0:03:10]} 20. Bf4 {[%clk 0:03:05]} e5 {[%clk 0:03:15]}
21. Bg3 {[%clk 0:03:13]} Nxg3 {[%clk 0:03:18]} 22. hxg3 {[%clk 0:03:19]} Be6
{[%clk 0:03:08]} 23. Bxc6 {[%clk 0:02:51]} bxc6 {[%clk 0:03:15]} 24. Ra1
{[%clk 0:02:46]} Rfa8 {[%clk 0:03:23]} 25. Qb2 {[%clk 0:02:46]} Qa7
{[%clk 0:03:25]} 26. Rxa3 {[%clk 0:02:41]} Qxa3 {[%clk 0:03:33]} 27. Qxa3
{[%clk 0:02:15]} Rxa3 {[%clk 0:03:42]} 28. Rc1 {[%clk 0:02:16]} Kf8
{[%clk 0:03:40]} 29. Kf1 {[%clk 0:02:12]} Ke7 {[%clk 0:03:48]} 30. Ke1
{[%clk 0:02:11]} h5 {[%clk 0:03:54]} 31. Kd1 {[%clk 0:01:50]} Bh6
{[%clk 0:03:57]} 32. Nd2 {[%clk 0:01:39]} Bf5 {[%clk 0:03:56]} 33. f4
{[%clk 0:01:24]} f6 {[%clk 0:03:23]} 34. Nf3 {[%clk 0:01:30]} Bd3
{[%clk 0:03:22]} 35. Kd2 {[%clk 0:01:08]} Bc4 {[%clk 0:02:35]} 36. Rc2
{[%clk 0:01:13]} Ra1 {[%clk 0:02:28]} 37. Ne1 {[%clk 0:01:14]} h4
{[%clk 0:02:14]} 38. gxh4 {[%clk 0:01:11]} Bxe2 {[%clk 0:01:37]} 39. Kxe2
{[%clk 0:01:20]} Bxf4 {[%clk 0:01:45]} 40. Nf3 {[%clk 0:01:00]} Bg3
{[%clk 0:01:45]} 41. Rb2 {[%clk 0:00:34]} Kd7 {[%clk 0:01:45]} 42. h5
{[%clk 0:00:34]} e4 {[%clk 0:01:54]} 43. Nd4 {[%clk 0:00:40]} Rg1
{[%clk 0:01:51]} 44. Rb3 {[%clk 0:00:32]} Rxg2+ {[%clk 0:01:59]} 45. Kf1
{[%clk 0:00:39]} Rf2+ {[%clk 0:01:58]} 46. Kg1 {[%clk 0:00:46]} e3
{[%clk 0:02:05]} 47. c4 {[%clk 0:00:38]} Rd2 {[%clk 0:01:56]} 48. Nf3
{[%clk 0:00:35]} d4 {[%clk 0:01:39]} 49. h6 {[%clk 0:00:40]} Bf2+
{[%clk 0:00:40]} 50. Kf1 {[%clk 0:00:49]} Ra2 {[%clk 0:00:41]} 51. h7
{[%clk 0:00:55]} Ra8 {[%clk 0:00:50]} 52. Nxd4 {[%clk 0:00:59]} Re8
{[%clk 0:00:21]} 53. Ke2 {[%clk 0:01:05]} Rh8 {[%clk 0:00:26]} 54. Nf5
{[%clk 0:01:13]} Rxh7 {[%clk 0:00:36]} 55. b5 {[%clk 0:01:09]} Rh5
{[%clk 0:00:37]} 56. Nxe3 {[%clk 0:01:06]} Bxe3 {[%clk 0:00:46]} 57. Rxe3
{[%clk 0:01:12]} Rxc5 {[%clk 0:00:38]} 58. bxc6+ {[%clk 0:01:06]} Rxc6 59. Kd3
{[%clk 0:01:08]} 1/2-1/2

[Event "Russian Championship (women rapid)"]
[Site "Sochi"]
[Date "2017.10.01"]
[Round "7.1"]
[White "Bodnaruk, Anastasia"]
[Black "Gritsayeva, Oksana"]
[Result "1-0"]
[LiveChessVersion "1.4.8"]
[BlackElo "2358"]
[WhiteElo "2448"]

1. e4 {[%clk 0:15:19]} e5 {[%clk 0:15:19]} 2. Nf3 {[%clk 0:15:27]} Nf6
{[%clk 0:15:28]} 3. d4 {[%clk 0:15:02]} Nxe4 {[%clk 0:15:34]} 4. dxe5
{[%clk 0:15:09]} d5 {[%clk 0:15:28]} 5. Nbd2 {[%clk 0:15:09]} Be7
{[%clk 0:13:46]} 6. c3 {[%clk 0:12:27]} O-O {[%clk 0:13:11]} 7. Bd3
{[%clk 0:12:31]} Nxd2 {[%clk 0:11:50]} 8. Bxd2 {[%clk 0:11:21]} Bg4
{[%clk 0:10:51]} 9. h3 {[%clk 0:10:23]} Bh5 {[%clk 0:10:55]} 10. Qc2
{[%clk 0:08:10]} Bg6 {[%clk 0:10:38]} 11. Bxg6 {[%clk 0:08:05]} hxg6
{[%clk 0:09:47]} 12. O-O-O {[%clk 0:07:54]} Qd7 {[%clk 0:08:13]} 13. h4
{[%clk 0:06:26]} Nc6 {[%clk 0:06:21]} 14. h5 {[%clk 0:04:37]} Qf5
{[%clk 0:06:23]} 15. h6 {[%clk 0:04:20]} Qxc2+ {[%clk 0:06:20]} 16. Kxc2
{[%clk 0:04:29]} Rfd8 {[%clk 0:05:26]} 17. hxg7 {[%clk 0:03:41]} Kxg7
{[%clk 0:05:23]} 18. Bh6+ {[%clk 0:03:50]} Kg8 {[%clk 0:05:29]} 19. Rh3
{[%clk 0:03:50]} f6 {[%clk 0:03:51]} 20. Bf4 {[%clk 0:03:01]} Kg7
{[%clk 0:03:18]} 21. exf6+ {[%clk 0:02:43]} Bxf6 {[%clk 0:03:26]} 22. Bxc7
{[%clk 0:02:48]} Rd7 {[%clk 0:03:02]} 23. Bf4 {[%clk 0:02:41]} Re8
{[%clk 0:02:55]} 24. Bg5 {[%clk 0:01:54]} Re2+ {[%clk 0:02:40]} 25. Rd2
{[%clk 0:02:03]} Rxd2+ {[%clk 0:02:48]} 26. Kxd2 {[%clk 0:02:11]} d4
{[%clk 0:02:26]} 27. Bxf6+ {[%clk 0:02:07]} Kxf6 {[%clk 0:02:33]} 28. Nxd4
{[%clk 0:02:13]} Nxd4 {[%clk 0:02:39]} 29. Rd3 {[%clk 0:01:56]} Nf3+
{[%clk 0:02:32]} 30. gxf3 {[%clk 0:02:03]} Rh7 {[%clk 0:02:39]} 31. c4
{[%clk 0:01:53]} Ke5 {[%clk 0:02:33]} 32. Ke3 {[%clk 0:01:52]} b6
{[%clk 0:02:19]} 33. b4 {[%clk 0:01:31]} Ke6 {[%clk 0:02:18]} 34. a4
{[%clk 0:00:53]} Rh1 {[%clk 0:01:59]} 35. c5 {[%clk 0:00:41]} bxc5
{[%clk 0:01:52]} 36. bxc5 {[%clk 0:00:51]} Rc1 {[%clk 0:01:51]} 37. Kd4
{[%clk 0:00:31]} Ra1 {[%clk 0:01:45]} 38. Re3+ {[%clk 0:00:41]} Kd7
{[%clk 0:01:51]} 39. Kd5 {[%clk 0:00:43]} Rd1+ {[%clk 0:01:43]} 40. Kc4
{[%clk 0:00:36]} Rc1+ {[%clk 0:01:35]} 41. Rc3 {[%clk 0:00:32]} Rb1
{[%clk 0:01:26]} 42. Rd3+ {[%clk 0:00:35]} Kc7 {[%clk 0:01:28]} 43. Rd6
{[%clk 0:00:33]} Rc1+ {[%clk 0:01:28]} 44. Kb5 {[%clk 0:00:21]} Rb1+
{[%clk 0:01:23]} 45. Kc4 {[%clk 0:00:26]} Rc1+ {[%clk 0:01:32]} 46. Kd5
{[%clk 0:00:34]} Rd1+ {[%clk 0:01:40]} 47. Ke6 {[%clk 0:00:17]} Re1+
{[%clk 0:01:40]} 48. Kf6 {[%clk 0:00:19]} Rc1 {[%clk 0:01:35]} 49. Kxg6
{[%clk 0:00:17]} Rxc5 {[%clk 0:01:44]} 50. Rd4 {[%clk 0:00:24]} Rc2
{[%clk 0:01:39]} 51. f4 {[%clk 0:00:32]} Rxf2 {[%clk 0:01:46]} 52. f5
{[%clk 0:00:41]} Kc6 {[%clk 0:01:52]} 53. f6 {[%clk 0:00:43]} Kc5
{[%clk 0:02:00]} 54. Rd7 {[%clk 0:00:46]} a5 {[%clk 0:01:59]} 55. f7
{[%clk 0:00:37]} Rg2+ {[%clk 0:01:56]} 56. Kh7 {[%clk 0:00:35]} Rh2+
{[%clk 0:02:03]} 57. Kg7 {[%clk 0:00:36]} Rg2+ {[%clk 0:02:11]} 58. Kf8
{[%clk 0:00:40]} Kc6 {[%clk 0:00:34]} 59. Ke8 {[%clk 0:00:26]} Kd5
{[%clk 0:00:00]} 1-0

[Event "Russian Championship (women rapid)"]
[Site "Sochi"]
[Date "2017.10.01"]
[Round "7.8"]
[White "Charochkina, Daria"]
[Black "Shaydullina, Sandugach"]
[Result "1-0"]
[LiveChessVersion "1.4.8"]
[BlackElo "2150"]
[WhiteElo "2326"]

1. d4 {[%clk 0:15:19]} f5 {[%clk 0:15:19]} 2. Bg5 {[%clk 0:15:26]} g6
{[%clk 0:15:27]} 3. Nc3 {[%clk 0:15:29]} Bg7 {[%clk 0:15:36]} 4. Qd2
{[%clk 0:15:38]} h6 {[%clk 0:15:31]} 5. Bf4 {[%clk 0:15:46]} d6 {[%clk 0:15:34]}
6. h4 {[%clk 0:15:17]} Nf6 {[%clk 0:15:13]} 7. O-O-O {[%clk 0:15:24]} e6
{[%clk 0:14:51]} 8. f3 {[%clk 0:15:15]} Nbd7 {[%clk 0:14:38]} 9. e4
{[%clk 0:15:07]} Nh5 {[%clk 0:13:06]} 10. Bh2 {[%clk 0:15:02]} Bf6
{[%clk 0:12:41]} 11. g4 {[%clk 0:14:47]} fxg4 {[%clk 0:12:49]} 12. fxg4
{[%clk 0:14:56]} Ng7 {[%clk 0:12:57]} 13. Nf3 {[%clk 0:14:57]} Be7
{[%clk 0:12:36]} 14. Bd3 {[%clk 0:13:36]} Nf8 {[%clk 0:12:40]} 15. Rdf1
{[%clk 0:12:59]} c6 {[%clk 0:12:27]} 16. Kb1 {[%clk 0:12:39]} Kd7
{[%clk 0:12:21]} 17. d5 {[%clk 0:12:31]} Kc7 {[%clk 0:12:05]} 18. Ne5
{[%clk 0:12:33]} Rh7 {[%clk 0:10:34]} 19. Nf7 {[%clk 0:12:25]} Qe8
{[%clk 0:10:09]} 20. e5 {[%clk 0:12:34]} Nf5 {[%clk 0:08:57]} 21. exd6+
{[%clk 0:11:30]} Nxd6 {[%clk 0:09:00]} 22. Nxd6 {[%clk 0:11:39]} Bxd6
{[%clk 0:09:01]} 23. Bxd6+ {[%clk 0:11:48]} Kxd6 {[%clk 0:09:08]} 24. Qf4+
{[%clk 0:11:57]} e5 {[%clk 0:08:45]} 25. Qxf8+ {[%clk 0:11:56]} Qxf8
{[%clk 0:08:54]} 26. Rxf8 {[%clk 0:12:04]} cxd5 {[%clk 0:09:01]} 27. Bxg6
{[%clk 0:12:12]} Rg7 {[%clk 0:09:05]} 28. Bf5 {[%clk 0:10:14]} Bxf5
{[%clk 0:09:13]} 29. Rxa8 {[%clk 0:10:23]} Rxg4 {[%clk 0:08:51]} 30. Rd8+
{[%clk 0:10:29]} Bd7 {[%clk 0:08:55]} 31. Nxd5 {[%clk 0:10:28]} Rg6
{[%clk 0:08:17]} 32. Rd1 {[%clk 0:10:29]} Kxd5 {[%clk 0:07:59]} 1-0

[Event "Russian Championship (women rapid)"]
[Site "Sochi"]
[Date "2017.10.01"]
[Round "7.14"]
[White "Kovanova, Baira"]
[Black "Getman, Tatyana"]
[Result "1-0"]
[LiveChessVersion "1.4.8"]
[BlackElo "2045"]
[WhiteElo "2361"]

1. Nf3 {[%clk 0:15:17]} Nf6 {[%clk 0:15:17]} 2. c4 {[%clk 0:15:21]} c5
{[%clk 0:15:25]} 3. Nc3 {[%clk 0:15:29]} Nc6 {[%clk 0:15:33]} 4. e3
{[%clk 0:15:22]} e6 {[%clk 0:15:18]} 5. Be2 {[%clk 0:15:13]} Be7 {[%clk 0:14:47]}
6. O-O {[%clk 0:15:19]} O-O {[%clk 0:14:55]} 7. b3 {[%clk 0:14:18]} b6
{[%clk 0:14:01]} 8. Bb2 {[%clk 0:14:25]} Bb7 {[%clk 0:14:10]} 9. d3
{[%clk 0:13:10]} d5 {[%clk 0:13:43]} 10. Qd2 {[%clk 0:12:53]} Qd7
{[%clk 0:12:19]} 11. Rad1 {[%clk 0:11:56]} Rfd8 {[%clk 0:12:02]} 12. Qc2
{[%clk 0:11:32]} Rac8 {[%clk 0:10:50]} 13. Qb1 {[%clk 0:11:12]} Ba8
{[%clk 0:08:13]} 14. Rfe1 {[%clk 0:09:48]} d4 {[%clk 0:07:59]} 15. exd4
{[%clk 0:07:00]} Nxd4 {[%clk 0:07:42]} 16. Nxd4 {[%clk 0:06:58]} cxd4
{[%clk 0:07:49]} 17. Ne4 {[%clk 0:06:54]} Bxe4 {[%clk 0:06:06]} 18. dxe4
{[%clk 0:07:03]} e5 {[%clk 0:06:14]} 19. Rf1 {[%clk 0:06:12]} Qc6
{[%clk 0:05:18]} 20. Bd3 {[%clk 0:06:17]} Nh5 {[%clk 0:05:23]} 21. g3
{[%clk 0:06:17]} Qg6 {[%clk 0:05:12]} 22. Kh1 {[%clk 0:04:31]} Qg4
{[%clk 0:04:19]} 23. f3 {[%clk 0:03:04]} Qh3 {[%clk 0:03:03]} 24. Rg1
{[%clk 0:03:12]} Rc6 {[%clk 0:02:53]} 25. Bf1 {[%clk 0:03:19]} Qc8
{[%clk 0:02:41]} 26. Bc1 {[%clk 0:02:41]} Rg6 {[%clk 0:02:09]} 27. Qd3
{[%clk 0:02:40]} Bg5 {[%clk 0:01:47]} 28. Bxg5 {[%clk 0:01:54]} Rxg5
{[%clk 0:01:56]} 29. Qd2 {[%clk 0:01:17]} Rg6 {[%clk 0:01:59]} 30. Qf2
{[%clk 0:01:21]} Qd7 {[%clk 0:01:18]} 31. Rd3 {[%clk 0:01:26]} Rf6
{[%clk 0:00:36]} 32. Be2 {[%clk 0:01:25]} Rh6 {[%clk 0:00:21]} 33. Qg2
{[%clk 0:01:17]} f6 {[%clk 0:00:16]} 34. f4 {[%clk 0:00:54]} exf4
{[%clk 0:00:13]} 35. Bxh5 {[%clk 0:01:02]} Rxh5 {[%clk 0:00:18]} 36. gxf4
{[%clk 0:01:11]} g6 {[%clk 0:00:19]} 37. Rg3 {[%clk 0:01:10]} Qf7
{[%clk 0:00:19]} 38. Qe2 {[%clk 0:01:12]} Rh4 {[%clk 0:00:21]} 39. f5
{[%clk 0:01:17]} g5 {[%clk 0:00:20]} 40. e5 {[%clk 0:00:56]} Qb7+
{[%clk 0:00:29]} 41. R1g2 {[%clk 0:01:05]} Re4 {[%clk 0:00:21]} 42. Qd2
{[%clk 0:00:59]} Rxe5 {[%clk 0:00:19]} 43. Rxg5+ {[%clk 0:00:57]} Kh8
{[%clk 0:00:29]} 44. R5g4 {[%clk 0:00:41]} d3 {[%clk 0:00:25]} 45. h3
{[%clk 0:00:39]} Qf3 {[%clk 0:00:16]} 46. Qh6 {[%clk 0:00:33]} Qxf5
{[%clk 0:00:13]} 47. Qg7# {[%clk 0:00:41]} 1-0

[Event "Russian Championship (women rapid)"]
[Site "Sochi"]
[Date "2017.10.01"]
[Round "9.8"]
[White "Drozdova, Dina"]
[Black "Shaydullina, Sandugach"]
[Result "1/2-1/2"]
[LiveChessVersion "1.4.8"]
[BlackElo "2150"]
[WhiteElo "2280"]

1. d4 {[%clk 0:15:18]} d5 {[%clk 0:15:19]} 2. c4 {[%clk 0:15:25]} e6
{[%clk 0:15:28]} 3. Nc3 {[%clk 0:15:33]} c6 {[%clk 0:15:37]} 4. cxd5
{[%clk 0:15:37]} exd5 {[%clk 0:15:46]} 5. Nf3 {[%clk 0:15:29]} Nf6
{[%clk 0:15:53]} 6. Bg5 {[%clk 0:15:37]} Be7 {[%clk 0:16:01]} 7. e3
{[%clk 0:15:45]} Bf5 {[%clk 0:16:01]} 8. Bd3 {[%clk 0:15:20]} Bxd3
{[%clk 0:16:08]} 9. Qxd3 {[%clk 0:15:28]} O-O {[%clk 0:16:16]} 10. O-O
{[%clk 0:15:26]} Ne4 {[%clk 0:16:09]} 11. Bxe7 {[%clk 0:14:37]} Qxe7
{[%clk 0:16:17]} 12. Nd2 {[%clk 0:14:20]} f5 {[%clk 0:16:24]} 13. f3
{[%clk 0:14:19]} Nd6 {[%clk 0:16:16]} 14. Rae1 {[%clk 0:14:23]} Na6
{[%clk 0:15:51]} 15. a3 {[%clk 0:13:20]} Rae8 {[%clk 0:15:54]} 16. Nd1
{[%clk 0:13:14]} Nc7 {[%clk 0:15:27]} 17. Nf2 {[%clk 0:12:54]} Ne6
{[%clk 0:15:26]} 18. Qc3 {[%clk 0:12:01]} Qf6 {[%clk 0:15:20]} 19. Nd3
{[%clk 0:12:00]} Nf7 {[%clk 0:15:14]} 20. f4 {[%clk 0:10:26]} Nd6
{[%clk 0:14:36]} 21. Ne5 {[%clk 0:10:31]} Re7 {[%clk 0:14:39]} 22. b4
{[%clk 0:10:23]} a6 {[%clk 0:14:23]} 23. a4 {[%clk 0:10:18]} g5 {[%clk 0:14:02]}
24. g3 {[%clk 0:07:05]} Rg7 {[%clk 0:14:07]} 25. Kh1 {[%clk 0:06:46]} h5
{[%clk 0:14:00]} 26. fxg5 {[%clk 0:04:43]} Nxg5 {[%clk 0:14:02]} 27. Ndf3
{[%clk 0:04:24]} Nge4 {[%clk 0:12:37]} 28. Qc2 {[%clk 0:04:28]} Kh7
{[%clk 0:11:50]} 29. Rg1 {[%clk 0:04:03]} Qh6 {[%clk 0:11:21]} 30. Nd3
{[%clk 0:04:04]} Ng5 {[%clk 0:10:44]} 31. Nxg5+ {[%clk 0:02:49]} Rxg5
{[%clk 0:10:47]} 32. Rgf1 {[%clk 0:01:35]} Ne4 {[%clk 0:10:33]} 33. Rf4
{[%clk 0:01:42]} Rg4 {[%clk 0:10:31]} 34. Ref1 {[%clk 0:01:30]} h4
{[%clk 0:09:08]} 35. gxh4 {[%clk 0:01:10]} Rxh4 {[%clk 0:08:38]} 36. Rxh4
{[%clk 0:01:15]} Qxh4 {[%clk 0:08:47]} 37. Rg1 {[%clk 0:01:03]} Qh3
{[%clk 0:07:32]} 38. Qg2 {[%clk 0:01:02]} Qxg2+ {[%clk 0:07:34]} 39. Rxg2
{[%clk 0:01:11]} Nc3 {[%clk 0:07:26]} 40. a5 {[%clk 0:00:59]} Re8
{[%clk 0:07:11]} 41. Rg3 {[%clk 0:01:06]} Ne4 {[%clk 0:06:22]} 42. Rg2
{[%clk 0:00:43]} Nc3 {[%clk 0:06:25]} 43. Ne5 {[%clk 0:00:47]} Nd1
{[%clk 0:06:06]} 44. Rg3 {[%clk 0:00:28]} Nf2+ {[%clk 0:06:00]} 45. Kg2
{[%clk 0:00:36]} Ne4 {[%clk 0:06:09]} 46. Rh3+ {[%clk 0:00:30]} Kg7
{[%clk 0:06:15]} 47. Rh5 {[%clk 0:00:39]} Kf6 {[%clk 0:05:50]} 48. Rh6+
{[%clk 0:00:46]} Kg7 {[%clk 0:05:31]} 49. Rh5 {[%clk 0:00:54]} Kf6
{[%clk 0:05:39]} 50. Rh6+ {[%clk 0:00:53]} Kg7 {[%clk 0:05:48]} 51. Rh5
{[%clk 0:00:52]} Kf6 {[%clk 0:05:53]} 52. Rh7 {[%clk 0:00:44]} Rg8+
{[%clk 0:05:42]} 53. Kf1 {[%clk 0:00:53]} Nd2+ {[%clk 0:05:44]} 54. Ke1
{[%clk 0:00:53]} Ne4 {[%clk 0:04:55]} 55. Rxb7 {[%clk 0:00:36]} Rg1+
{[%clk 0:05:03]} 56. Ke2 {[%clk 0:00:44]} Rg2+ {[%clk 0:05:10]} 57. Ke1
{[%clk 0:00:50]} Rg1+ {[%clk 0:05:17]} 58. Ke2 {[%clk 0:00:56]} Rg2+
{[%clk 0:05:26]} 59. Kd1 {[%clk 0:00:54]} Rg1+ {[%clk 0:05:00]} 60. Kc2
{[%clk 0:00:52]} Rg2+ {[%clk 0:05:09]} 61. Kd1 {[%clk 0:00:52]} Rg1+
{[%clk 0:05:16]} 62. Kc2 {[%clk 0:00:51]} Rg2+ {[%clk 0:05:24]} 63. Kd1
{[%clk 0:00:31]} Rg1+ {[%clk 0:05:29]} 64. Kc2 {[%clk 0:00:41]} Rg2+
{[%clk 0:05:37]} 65. Kd1 {[%clk 0:00:43]} Rg1+ {[%clk 0:05:45]} 66. Kc2
{[%clk 0:00:52]} Rg2+ {[%clk 0:05:53]} 67. Kb3 {[%clk 0:00:49]} Nd2+
{[%clk 0:05:57]} 68. Kc3 {[%clk 0:00:48]} Nb1+ {[%clk 0:05:49]} 69. Kb3
{[%clk 0:00:56]} Nd2+ {[%clk 0:05:56]} 70. Kc3 {[%clk 0:00:57]} Kxe5
{[%clk 0:05:33]} 1/2-1/2